| 000 | 00524nam a22001817a 4500 | ||
|---|---|---|---|
| 008 | 230704b |||||||| |||| 00| 0 eng d | ||
| 020 | _a81-7847-501-8 | ||
| 040 |
_aNational Science Library _cNational Science Library |
||
| 080 |
_a681.3 _bP7 |
||
| 100 | _aTripathi, Arvind | ||
| 245 | _a कंप्यूटर शब्दकोष | ||
| 246 | _aComputer Shabdkosh | ||
| 260 |
_aNew Delhi: _bRadha Publication, _c2007 |
||
| 300 | _a343p. | ||
| 650 | _aComputer | ||
| 700 | _aSharma, Gunjan | ||
| 942 |
_2udc _cHBK |
||
| 999 |
_c49173 _d49173 |
||